Chemical engineering for the food industry

Збережено в:
Бібліографічні деталі
Автори: Fryer, P. J (Автор), Pyle, D. L (Автор), Rielly, C. D (Автор)
Формат: Книга
Мова:Англійська
Опубліковано: Londres Blackie Academic and Professional 1997
Предмети:
Теги: Додати тег
Немає тегів, Будьте першим, хто поставить тег для цього запису!

MARC

LEADER 00000nam a2200000 a 4500
001 UCT9934
003 CL-VaPUC
008 970418e19970000UK |||||||||||||||||eng|d
082 0 4 |a 664.07  |b FRY  |2 21 
100 0 |a Fryer, P. J  |e author  |9 383044 
700 0 |a Pyle, D. L  |e author  |9 383045 
700 0 |a Rielly, C. D  |e author  |9 383046 
245 1 0 |a Chemical engineering for the food industry 
300 |a 462 p 
942 |c BK 
945 |d 19970418 00:00:00  |a amoreno 
260 |a Londres  |b Blackie Academic and Professional  |c 1997 
500 |a Incluye un diskette 
650 7 |a INGENIERIA QUIMICA  |2 CL-VaPUC  |9 8 
650 0 |a Industria alimentaria  |9 331702 
650 0 |a Control de procesos  |9 259880 
650 0 |a Alimentos  |9 256203 
583 |a last modification  |c 20160923 01:19:42  |k Rodrigo Vera 
999 |c 258270  |d 258268 
952 |0 0  |1 0  |4 0  |6 664_070000000000000_FRY_1997  |7 0  |8 A  |9 282237  |a BIBALI  |b BIBALI  |c GEN  |d 2019-11-19  |i 3301044  |o 664.07 FRY 1997  |p 3301044  |r 2025-01-20  |w 2019-11-19  |y BK  |k ALI 
952 |0 0  |1 0  |4 0  |6 664_070000000000000_FRY_1997  |7 0  |8 A  |9 282238  |a BIBALI  |b BIBALI  |c GEN  |d 2019-11-19  |i 3405354  |o 664.07 FRY 1997  |p 3405354  |r 2025-01-20  |w 2019-11-19  |y BK  |k ALI